Recognizable Flags-4 Hard - Statistics

General Stats
  • This quiz has been taken 11 times
  • The average score is 9 of 10
Answer Stats
Picture Answer % Correct
Seychelles
100%
Eswatini
91%
Micronesia
91%
Turkmenistan
91%
CAR
82%
Fiji
82%
Grenada
82%
Guyana
82%
Marshall islands
82%
DRC
73%
No matching quizzes found
Score Distribution
Percent of People with Each Score
Percentile by Number Answered
Your Score History
You have not taken this quiz